[Event "Kadetska liga - dekleta"]
[Site "Nova Gorica"]
[Date "2019.05.25"]
[Round "3"]
[White "Kralj, Nika"]
[Black "Kuhar, Larisa"]
[Result "1/2-1/2"]
[WhiteElo "1841"]
[BlackElo "1930"]
[PlyCount "61"]
[EventDate "2019.05.25"]

1. e4 c5 2. Nf3 d6 3. d4 cxd4 4. Nxd4 Nf6 5. Nc3 a6 6. h3 e5 7. Nb3 Be6 8. g4
d5 9. g5 Nxe4 10. Nxe4 dxe4 11. Qxd8+ Kxd8 12. Bg2 f5 13. gxf6 gxf6 14. Bxe4
Nc6 15. Be3 Kc7 16. Nc5 Bxc5 17. Bxc5 f5 18. Bd3 Rhg8 19. O-O-O b6 20. Ba3 Bd5
21. Bxf5 Nd4 22. Rhe1 Bf3 23. Rd3 Rae8 24. Bxh7 Rg2 25. Rd2 Rh8 26. Bd3 b5 27.
c3 Nc6 28. Bf5 Kb6 29. Bd6 e4 30. Rd5 Kb7 31. Bc5 1/2-1/2

[Event "Kadetska liga - dekleta"]
[Site "Nova Gorica"]
[Date "2019.05.25"]
[Round "3"]
[White "Ruzic, Pia Marie"]
[Black "Petauer, Ana Marija"]
[Result "0-1"]
[WhiteElo "1959"]
[BlackElo "1468"]
[PlyCount "98"]
[EventDate "2019.05.25"]

1. Nf3 f5 2. g3 g6 3. Bg2 Bg7 4. c4 Nf6 5. Nc3 O-O 6. O-O d6 7. Rb1 e5 8. d3
Nc6 9. b4 h6 10. Nd5 Ne7 11. Nxf6+ Rxf6 12. Bb2 Rf7 13. Nd2 g5 14. a4 Rb8 15.
b5 Be6 16. Bc3 Qd7 17. e3 f4 18. e4 Bh3 19. f3 Bxg2 20. Kxg2 Ng6 21. Qe2 h5 22.
Nb3 b6 23. Bd2 Rbf8 24. Na1 g4 25. Kg1 fxg3 26. fxg4 gxh2+ 27. Kxh2 Rxf1 28.
Rxf1 Rxf1 29. Qxf1 Qxg4 30. Qg2 Qxg2+ 31. Kxg2 Nf4+ 32. Bxf4 exf4 33. Nc2 Bc3
34. Kf3 Bd2 35. Nd4 Kf7 36. Nc6 Kg6 37. Ne7+ Kg5 38. Nd5 h4 39. Nxc7 h3 40.
Ne6+ Kh4 41. Nd4 Be3 42. Nf5+ Kg5 43. d4 h2 44. Kg2 Bg1 45. d5 f3+ 46. Kh1 f2
47. Ng3 Kf4 48. Kg2 Ke5 49. a5 bxa5 0-1

[Event "Kadetska liga - dekleta"]
[Site "Nova Gorica"]
[Date "2019.05.25"]
[Round "3"]
[White "Cebron, Asja"]
[Black "Ferfole, Anja"]
[Result "1-0"]
[WhiteElo "1475"]
[BlackElo "1561"]
[PlyCount "87"]
[EventDate "2019.05.25"]

1. e4 e5 2. Nf3 Nc6 3. Bc4 Bc5 4. d3 Nf6 5. h3 d5 6. exd5 Nxd5 7. Bb5 Bd7 8.
Bxc6 Bxc6 9. Nxe5 Qf6 10. d4 Bb6 11. O-O O-O-O 12. a4 Kb8 13. a5 Bxd4 14. Qxd4
Nb6 15. Qc3 Nd5 16. Nxc6+ Kc8 17. Qxf6 Nxf6 18. Nxd8 Rxd8 19. Bg5 Re8 20. Bxf6
gxf6 21. Nc3 a6 22. Rfe1 Rg8 23. Nd5 Kb8 24. Nxf6 Rg7 25. Re8+ Ka7 26. Rg8 Rxg8
27. Nxg8 h5 28. Ra4 b5 29. axb6+ cxb6 30. Rd4 f5 31. Rd7+ Kb8 32. Nf6 h4 33.
Kf1 Kc8 34. Ke2 Kb8 35. Kd3 Ka8 36. Kd4 Kb8 37. Kd5 Ka8 38. Kc6 Kb8 39. Kxb6
Kc8 40. Kc6 Kb8 41. Rc7 Ka8 42. Kb6 Kb8 43. Nd7+ Ka8 44. Rc8# 1-0

[Event "Kadetska liga - dekleta"]
[Site "Nova Gorica"]
[Date "2019.05.25"]
[Round "3"]
[White "Sinur, Zarja"]
[Black "Pajek, Tjasa"]
[Result "0-1"]
[WhiteElo "1414"]
[BlackElo "1453"]
[PlyCount "70"]
[EventDate "2019.05.25"]

1. e4 e5 2. Nf3 Nc6 3. c3 Nf6 4. d4 exd4 5. e5 Nd5 6. c4 Bb4+ 7. Bd2 Bxd2+ 8.
Nbxd2 Nde7 9. Nb3 Ng6 10. Qe2 Qe7 11. Qe4 Ngxe5 12. Nbxd4 Nxf3+ 13. gxf3 Qxe4+
14. fxe4 Nxd4 15. Rd1 c5 16. Rg1 Nf3+ 17. Ke2 Nxg1+ 18. Ke3 d6 19. Be2 Nh3 20.
Rxd6 Ke7 21. e5 Rd8 22. Rd5 b6 23. Bd3 Be6 24. Be4 Bxd5 25. Bxd5 Rab8 26. Bg2
Ng5 27. f4 Ne6 28. Be4 Rd4 29. Bxh7 Nxf4 30. b3 g6 31. Bxg6 fxg6 32. h4 Rbd8
33. a4 Ne6 34. h5 Rd3+ 35. Ke4 R8d4# 0-1

[Event "Kadetska liga - dekleta"]
[Site "Nova Gorica"]
[Date "2019.05.25"]
[Round "3"]
[White "Sertelj, Kiani Nia"]
[Black "Lukac, Alina"]
[Result "1/2-1/2"]
[WhiteElo "1737"]
[BlackElo "1335"]
[PlyCount "90"]
[EventDate "2019.05.25"]

1. e4 c5 2. c3 d5 3. exd5 Qxd5 4. d4 e6 5. Na3 a6 6. Nc4 Nd7 7. a4 Ngf6 8. Nf3
Be7 9. Nfe5 cxd4 10. Qxd4 Qxd4 11. cxd4 Nxe5 12. dxe5 Nd5 13. Be2 O-O 14. O-O
Bd7 15. Rd1 Bc5 16. Bf3 Bc6 17. Na5 Rfd8 18. Bg5 Rdc8 19. Nxc6 bxc6 20. Rac1
Bb4 21. Rd4 a5 22. Rdc4 Ra6 23. Bxd5 exd5 24. Rd4 Ra7 25. Rxd5 c5 26. Rcd1 Raa8
27. Bd2 Kf8 28. Bxb4 cxb4 29. Kf1 Ke8 30. Ke2 Rc2+ 31. R1d2 Rxd2+ 32. Rxd2 Ke7
33. Rd5 Ra6 34. Kd3 Ke6 35. Rc5 Ra8 36. Kc4 Ra7 37. Kb5 Rd7 38. Rc2 Rd5+ 39.
Kb6 Rxe5 40. Rc6+ Kd7 41. Rc7+ Ke6 42. Rc6+ Kd7 43. Rc7+ Ke6 44. Rc6+ Kd7 45.
Rc7+ Ke6 1/2-1/2

[Event "Kadetska liga - dekleta"]
[Site "Nova Gorica"]
[Date "2019.05.25"]
[Round "3"]
[White "Lukac, Ema"]
[Black "Knavs, Ana"]
[Result "1-0"]
[WhiteElo "1084"]
[BlackElo "1552"]
[PlyCount "83"]
[EventDate "2019.05.25"]

1. e4 e5 2. Nf3 Nc6 3. Bb5 a6 4. Ba4 Nf6 5. d3 Be7 6. c3 b5 7. Bc2 d6 8. h3 O-O
9. O-O Na5 10. Nbd2 c5 11. Re1 Nc6 12. Nf1 h6 13. Ng3 Be6 14. Be3 d5 15. Qc1
Re8 16. Nh4 Qd7 17. Nhf5 Bxf5 18. Nxf5 g6 19. Nxh6+ Kg7 20. Bd1 Qd6 21. Bg5 d4
22. Bb3 Nd8 23. Bxf6+ Bxf6 24. Ng4 Rh8 25. cxd4 cxd4 26. Rf1 Qe7 27. f4 exf4
28. Qxf4 Bg5 29. Qf2 Ne6 30. Bxe6 Qxe6 31. Qxd4+ Kf8 32. Qxh8+ Ke7 33. Qxa8
Qb6+ 34. Kh1 Qc7 35. Rac1 Qd7 36. Rc6 Qxd3 37. Qb7+ Ke8 38. Rc8+ Qd8 39. Rxd8+
Kxd8 40. Rxf7 Ke8 41. Rh7 Kf8 42. Qf7# 1-0

[Event "Kadetska liga - fantje"]
[Site "Nova Gorica"]
[Date "2019.05.25"]
[Round "3"]
[White "Brilej, Jaka"]
[Black "Skrbec, Leon"]
[Result "1-0"]
[WhiteElo "2050"]
[BlackElo "1884"]
[PlyCount "59"]
[EventDate "2019.05.25"]

1. e4 g6 2. d4 Bg7 3. Nc3 c5 4. dxc5 Bxc3+ 5. bxc3 Nf6 6. Bd3 Qa5 7. Ne2 Qxc5
8. O-O O-O 9. Be3 Qc7 10. f3 Nc6 11. Qe1 d6 12. Qh4 Ne5 13. Bg5 Ned7 14. Kh1
Qc5 15. f4 h5 16. Rab1 a6 17. f5 Kg7 18. h3 Ne5 19. Nf4 b5 20. fxg6 fxg6 21.
Nd5 Nxd5 22. exd5 Rxf1+ 23. Rxf1 Nxd3 24. cxd3 Bf5 25. Bxe7 Qxc3 26. d4 Qd3 27.
Qf6+ Kg8 28. Rf3 Qe4 29. Bxd6 Kh7 30. Be5 1-0

[Event "Kadetska liga - fantje"]
[Site "Nova Gorica"]
[Date "2019.05.25"]
[Round "3"]
[White "Vicic, Maks"]
[Black "Nareks, Matic"]
[Result "0-1"]
[WhiteElo "1314"]
[BlackElo "1952"]
[PlyCount "46"]
[EventDate "2019.05.25"]

1. e4 c5 2. Nf3 g6 3. Nc3 Bg7 4. Bc4 Nc6 5. O-O d6 6. Re1 Nf6 7. d4 cxd4 8.
Nxd4 Nxd4 9. Qxd4 O-O 10. Qd3 Ng4 11. Bf4 a6 12. Bb3 Ne5 13. Bxe5 Bxe5 14. Qe3
Be6 15. f4 Bg7 16. f5 Bxb3 17. axb3 Rc8 18. Rad1 Be5 19. Re2 e6 20. fxe6 fxe6
21. Qh3 Qf6 22. Na4 Bd4+ 23. Rxd4 Qf1# 0-1

[Event "Kadetska liga - fantje"]
[Site "Nova Gorica"]
[Date "2019.05.25"]
[Round "3"]
[White "Stern, Urban"]
[Black "Hocevar, Tim"]
[Result "1-0"]
[WhiteElo "1765"]
[BlackElo "1337"]
[PlyCount "135"]
[EventDate "2019.05.25"]

1. c4 f5 2. g3 Nf6 3. Bg2 e6 4. d4 d5 5. Nf3 Bb4+ 6. Bd2 Bxd2+ 7. Nbxd2 O-O 8.
O-O Ne4 9. e3 Nxd2 10. Qxd2 c6 11. Rfc1 Nd7 12. c5 Nf6 13. Ne5 Nd7 14. Nd3 Nf6
15. b4 Bd7 16. a4 a6 17. Rab1 Qc7 18. Ne5 Be8 19. Bf1 Nd7 20. Nd3 Nf6 21. Ne5
Nd7 22. Nxd7 Bxd7 23. b5 axb5 24. axb5 Qa5 25. Qxa5 Rxa5 26. Rb2 Rfa8 27. Rcb1
Ra2 28. bxc6 Bxc6 29. Bb5 Rxb2 30. Rxb2 Bxb5 31. Rxb5 Ra7 32. Kg2 Kf7 33. h4
Ke7 34. Kf3 Kd7 35. Kf4 Kc7 36. Rb2 Ra6 37. Ke5 Rc6 38. Ra2 Ra6 39. Rb2 Rc6 40.
h5 h6 41. f3 Ra6 42. Rb3 Rc6 43. e4 dxe4 44. fxe4 fxe4 45. Kxe4 Kc8 46. Ke5 Ra6
47. Rf3 b6 48. Rf7 bxc5 49. dxc5 Rc6 50. Kd4 e5+ 51. Kd5 Rf6 52. Rxg7 Rf5 53.
g4 Rf1 54. Kxe5 Re1+ 55. Kf5 Rc1 56. Kg6 Rxc5 57. Kxh6 Kd8 58. Rf7 Ke8 59. Rf6
Ke7 60. g5 Rc8 61. Kg7 Rc5 62. Kg6 Rc8 63. h6 Rg8+ 64. Kf5 Rh8 65. Re6+ Kd7 66.
Re2 Rf8+ 67. Kg6 Rg8+ 68. Kh5 1-0

[Event "Kadetska liga - fantje"]
[Site "Nova Gorica"]
[Date "2019.05.25"]
[Round "3"]
[White "Zidar, Jernej"]
[Black "Gregoric, Andraz"]
[Result "0-1"]
[WhiteElo "1618"]
[BlackElo "1875"]
[PlyCount "110"]
[EventDate "2019.05.25"]

1. d4 Nf6 2. Nf3 e6 3. g3 c5 4. Bg2 Nc6 5. O-O d5 6. c4 dxc4 7. dxc5 Qxd1 8.
Rxd1 Bxc5 9. Nbd2 c3 10. bxc3 Bd7 11. Nb3 Bb6 12. Nfd4 O-O-O 13. Ba3 Nxd4 14.
cxd4 Bb5 15. e3 Kb8 16. Bc5 Nd5 17. Bxb6 axb6 18. a4 Bc4 19. Nd2 Ba6 20. Bf1
Bxf1 21. Rxf1 Rc8 22. Rfc1 Rxc1+ 23. Rxc1 Rc8 24. Rxc8+ Kxc8 25. Nc4 Kc7 26.
Kf1 Nc3 27. Nb2 Kc6 28. Ke1 b5 29. axb5+ Kxb5 30. Kd2 Ne4+ 31. Ke2 Kb4 32. f3
Nd6 33. Nd3+ Kc3 34. Nc5 Kc2 35. e4 b5 36. d5 exd5 37. exd5 f5 38. g4 b4 39.
Ke3 b3 40. Nxb3 Kxb3 41. gxf5 Kc4 42. Kf4 Kxd5 43. h4 Nf7 44. h5 Kd6 45. Kg4
Ke7 46. Kf4 Kf6 47. Ke4 Nd6+ 48. Kf4 Nxf5 49. Kg4 h6 50. Kf4 Nd6 51. Kg4 Ke5
52. f4+ Ke4 53. Kg3 Kf5 54. Kf3 Ne4 55. Ke3 Nf6 0-1

[Event "Kadetska liga - fantje"]
[Site "Nova Gorica"]
[Date "2019.05.25"]
[Round "3"]
[White "Herega, Nejc"]
[Black "Perme, Martin"]
[Result "1-0"]
[WhiteElo "1869"]
[BlackElo "1416"]
[PlyCount "35"]
[EventDate "2019.05.25"]

1. d4 Nf6 2. c4 e6 3. Nc3 d5 4. cxd5 Nxd5 5. e4 Nxc3 6. bxc3 b6 7. Bd3 Bb7 8.
Ne2 Be7 9. O-O O-O 10. Ng3 c5 11. e5 cxd4 12. cxd4 Nc6 13. Be3 Nb4 14. Bb1 Nd5
15. Qh5 g6 16. Qh6 Nxe3 17. Nh5 Nf5 18. Bxf5 1-0

[Event "Kadetska liga - fantje"]
[Site "Nova Gorica"]
[Date "2019.05.25"]
[Round "3"]
[White "Cimperman, Teo"]
[Black "Vicic, Mark"]
[Result "0-1"]
[WhiteElo "1275"]
[BlackElo "1669"]
[PlyCount "40"]
[EventDate "2019.05.25"]

1. e4 c5 2. Nf3 d6 3. d4 cxd4 4. Nxd4 Nf6 5. Nc3 g6 6. Bc4 Bg7 7. Be3 O-O 8. f3
Nc6 9. Qd2 Bd7 10. O-O-O Rc8 11. g4 Nxd4 12. Qxd4 Nxg4 13. Qd3 Nxe3 14. Bxf7+
Rxf7 15. Qxe3 Qa5 16. Nd5 Qxa2 17. Qg5 Qxb2+ 18. Kd2 Rxc2+ 19. Ke3 Re2+ 20. Kd3
Qc2# 0-1

[Event "Kadetska liga - fantje"]
[Site "Nova Gorica"]
[Date "2019.05.25"]
[Round "3"]
[White "Guid, Taja"]
[Black "Olenik Campa, Rudi"]
[Result "0-1"]
[WhiteElo "1412"]
[BlackElo "1847"]
[PlyCount "66"]
[EventDate "2019.05.25"]

1. c4 e5 2. g3 Nf6 3. Bg2 d5 4. cxd5 Nxd5 5. Nc3 Nb6 6. Nf3 Nc6 7. O-O Be6 8.
d3 Be7 9. Be3 O-O 10. d4 exd4 11. Nxd4 Nxd4 12. Bxd4 c5 13. Be3 Nc4 14. Bc1 Qc8
15. b3 Nb6 16. Bb2 Rd8 17. Qc2 Nd5 18. Nxd5 Bxd5 19. e4 Be6 20. Rad1 Qc7 21. h3
Qa5 22. Bc3 Qb6 23. Bd2 Rac8 24. Be3 Qa6 25. Rfe1 c4 26. Qb2 Bf6 27. Rxd8+ Rxd8
28. e5 Qa5 29. Re2 Bxe5 30. Qc2 cxb3 31. axb3 h6 32. Bxa7 Qxa7 33. Rxe5 Qa1+
0-1

[Event "Kadetska liga - fantje"]
[Site "Nova Gorica"]
[Date "2019.05.25"]
[Round "3"]
[White "Hiti, Erik"]
[Black "Marinc, Primoz"]
[Result "*"]
[WhiteElo "1559"]
[BlackElo "1426"]
[PlyCount "61"]
[EventDate "2019.05.25"]

1. e4 e5 2. d4 exd4 3. c3 dxc3 4. Bc4 d6 5. Nxc3 Nf6 6. Nf3 Nc6 7. O-O Be7 8.
Be3 O-O 9. h3 b6 10. Nd4 Nxd4 11. Bxd4 Bb7 12. Qc2 c5 13. Be3 a6 14. a4 Qc7 15.
Rfd1 Rad8 16. Nd5 Nxd5 17. Bxd5 Bxd5 18. Rxd5 Rd7 19. Rad1 Rfd8 20. Bf4 Kh8 21.
b3 Bf8 22. Qd3 a5 23. e5 g6 24. exd6 Qc6 25. Be5+ Bg7 26. Bxg7+ Kxg7 27. Kf1
Re8 28. Re1 Re6 29. Rd1 Kg8 30. Rd2 Kf8 31. Rd1 *

[Event "Kadetska liga - fantje"]
[Site "Nova Gorica"]
[Date "2019.05.25"]
[Round "3"]
[White "Despotovic, Pavle"]
[Black "Kosanovic, Aleksander"]
[Result "1/2-1/2"]
[WhiteElo "1073"]
[BlackElo "1782"]
[PlyCount "95"]
[EventDate "2019.05.25"]

1. d4 d6 2. e4 Nf6 3. Nd2 e5 4. c3 Nc6 5. Ngf3 Bg4 6. Bd3 exd4 7. cxd4 Nxd4 8.
Qa4+ Nc6 9. O-O Be7 10. Bb5 Bd7 11. Nb3 a6 12. Bxc6 Bxc6 13. Qd4 O-O 14. Re1
Re8 15. Bg5 h6 16. Bh4 d5 17. e5 Nd7 18. Bg3 Nf8 19. Na5 Qd7 20. Rac1 Ne6 21.
Qd2 Rab8 22. Nxc6 bxc6 23. a3 f6 24. Qc3 c5 25. exf6 Bxf6 26. Be5 Bxe5 27. Nxe5
Qb5 28. Qf3 Ng5 29. Qxd5+ Kh7 30. Qxc5 Qxc5 31. Rxc5 Rxb2 32. Nd3 Rxe1+ 33.
Nxe1 Ra2 34. Rxc7 Rxa3 35. h4 Ne6 36. Re7 Nf4 37. g3 Ng6 38. Re4 Nf8 39. Nc2
Ra2 40. Ne3 Nd7 41. Kg2 Nc5 42. Rc4 Nd3 43. Nc2 a5 44. Rc3 a4 45. Rxd3 Rxc2 46.
Ra3 Rc4 47. Kf3 Rb4 48. Ke2 1/2-1/2

[Event "Kadetska liga - fantje"]
[Site "Nova Gorica"]
[Date "2019.05.25"]
[Round "3"]
[White "Acimovic, Sergej"]
[Black "Bizjak, Anej"]
[Result "1-0"]
[WhiteElo "2030"]
[BlackElo "1617"]
[PlyCount "103"]
[EventDate "2019.05.25"]

1. d4 Nf6 2. c4 e6 3. Nc3 Bb4 4. e3 b6 5. Bd3 Bb7 6. f3 Nh5 7. Qc2 Qh4+ 8. Qf2
Qxf2+ 9. Kxf2 a6 10. Nge2 Nc6 11. a3 Be7 12. e4 e5 13. d5 Na5 14. Be3 Bc8 15.
b4 Nb7 16. Na4 O-O 17. c5 b5 18. Nb2 c6 19. a4 Rb8 20. axb5 axb5 21. Ra7 g6 22.
Bc2 Ng7 23. Bd2 Re8 24. Bc3 f6 25. Nd3 Kh8 26. g3 Nd8 27. Nec1 d6 28. Rd1 Bf8
29. Bb3 Re7 30. Rxe7 Bxe7 31. dxc6 Nxc6 32. Bd5 Bb7 33. Nb3 Ne8 34. cxd6 Bxd6
35. Ndc5 Ba8 36. Bf7 Be7 37. Bxe8 Rxe8 38. Ra1 Rc8 39. Ke3 Kg7 40. Ra6 Rb8 41.
f4 exf4+ 42. gxf4 Kf7 43. Ra2 Bb7 44. Rd2 Bc8 45. Nd4 Na5 46. Ra2 Nb7 47. Nc6
Bxc5+ 48. bxc5 Be6 49. Ra7 Rc8 50. Rxb7+ Kf8 51. Nd4 Bc4 52. Rxh7 1-0

[Event "Kadetska liga - fantje"]
[Site "Nova Gorica"]
[Date "2019.05.25"]
[Round "3"]
[White "Kobe, Jure"]
[Black "Jalovec, Igor"]
[Result "0-1"]
[WhiteElo "1426"]
[BlackElo "1424"]
[PlyCount "122"]
[EventDate "2019.05.25"]

1. e4 e5 2. Nf3 Nc6 3. Bb5 a6 4. Ba4 Nf6 5. d3 b5 6. Bb3 Be7 7. O-O d6 8. c3
O-O 9. Re1 Na5 10. Bc2 c5 11. Nbd2 Be6 12. Nf1 Nc6 13. Ng3 Qc7 14. h3 h6 15.
Nh2 d5 16. exd5 Nxd5 17. Ng4 f5 18. Ne3 Nxe3 19. fxe3 Bh4 20. Nh5 Bxe1 21. Qxe1
Qf7 22. Qe2 Qg6 23. Kh2 c4 24. d4 Bf7 25. g4 e4 26. Nf4 Qf6 27. Bd2 g5 28. Ng2
Qd6+ 29. Kg1 Bg6 30. b3 Na5 31. Rf1 Qg3 32. gxf5 Rxf5 33. b4 Nb7 34. Rxf5 Bxf5
35. Qh5 Qxh3 36. Qxh3 Bxh3 37. Bxe4 Ra7 38. Be1 a5 39. a3 axb4 40. axb4 Nd6 41.
Bc6 Ra1 42. Kf2 Ra2+ 43. Kg3 Bxg2 44. Bxg2 Nf5+ 45. Kh3 Nxe3 46. Bc6 Re2 47.
Bg3 g4+ 48. Kh4 Rc2 49. Bxb5 Rxc3 50. Bf4 Kh7 51. Kh5 Nd5 52. Kxg4 h5+ 53. Kg5
Nxf4 54. Kxf4 h4 55. Bc6 h3 56. b5 h2 57. b6 Rb3 58. b7 c3 59. Ke3 Kg7 60. Kd3
Kf6 61. Be4 Ke7 {...} 0-1

[Event "Kadetska liga - fantje"]
[Site "Nova Gorica"]
[Date "2019.05.25"]
[Round "3"]
[White "Grisin, Lia"]
[Black "Kastrevec, Andrej"]
[Result "0-1"]
[WhiteElo "1613"]
[BlackElo "1288"]
[PlyCount "112"]
[EventDate "2019.05.25"]

1. e4 e5 2. Nf3 Nc6 3. d4 exd4 4. Nxd4 Bc5 5. Nb3 Bb6 6. Nc3 Qf6 7. f3 Nd4 8.
Bc4 Ne7 9. Be3 Nxb3 10. Bxb6 Nxa1 11. Bxc7 Nxc2+ 12. Qxc2 O-O 13. O-O Qc6 14.
Nb5 d5 15. exd5 Nxd5 16. Bg3 Be6 17. Bd3 Qxc2 18. Bxc2 a6 19. Nd6 Ne3 20. Rf2
Nc4 21. Nxb7 h6 22. b3 Ne3 23. Re2 Nxc2 24. Rxc2 Rac8 25. Rd2 Rc1+ 26. Kf2 Rfc8
27. Ke3 R1c2 28. Ke2 Bf5 29. Nd6 Rxd2+ 30. Kxd2 Rc2+ 31. Kd1 Bg6 32. Nc4 Rxg2
33. a4 Bd3 34. Kc1 Kf8 35. Bd6+ Ke8 36. Nb6 f5 37. b4 Rc2+ 38. Kd1 Rc6 39. Bc5
a5 40. Nd5 axb4 41. Bxb4 Rc4 42. Kd2 Rd4 43. Nc3 Ba6+ 44. Kc2 Rxb4 45. Kc1 Rf4
46. Kd1 Rxf3 47. Nb1 Rf2 48. Nc3 Rxh2 49. Nd5 Kd7 50. Nc3 h5 51. Ke1 h4 52. Ne2
Rxe2+ 53. Kf1 h3 54. a5 Ra2+ 55. Kg1 h2+ 56. Kh1 Bb7# 0-1

[Event "Kadetska liga - fantje"]
[Site "Nova Gorica"]
[Date "2019.05.25"]
[Round "3"]
[White "Skrt, Matija"]
[Black "Mohar, Martin"]
[Result "0-1"]
[WhiteElo "1244"]
[BlackElo "1673"]
[PlyCount "51"]
[EventDate "2019.05.25"]

1. e4 c5 2. Nf3 Nc6 3. d3 d6 4. Nbd2 e5 5. g3 Be7 6. Bg2 Nf6 7. O-O O-O 8. Re1
Ne8 9. Nf1 Nc7 10. h4 Nd4 11. N1h2 f5 12. Bg5 Nce6 13. Bxe7 Qxe7 14. c3 Nxf3+
15. Nxf3 f4 16. g4 Kh8 17. g5 Bd7 18. d4 cxd4 19. cxd4 Nxd4 20. Nxd4 exd4 21.
Qxd4 f3 22. Bf1 Rf4 23. Bc4 Rg4+ 24. Kh2 Rxh4+ 25. Kg3 Qxg5+ 26. Kxf3 0-1

[Event "Kadetska liga - fantje"]
[Site "Nova Gorica"]
[Date "2019.05.25"]
[Round "3"]
[White "Trojar, Val"]
[Black "Skof, Samo"]
[Result "0-1"]
[WhiteElo "1000"]
[BlackElo "1418"]
[PlyCount "56"]
[EventDate "2019.05.25"]

1. e4 e5 2. Nc3 Nc6 3. Nf3 Nf6 4. Bb5 d6 5. d3 a6 6. Ba4 Be7 7. O-O O-O 8. Bg5
h6 9. Bh4 Be6 10. Qe2 b5 11. Bb3 Bxb3 12. axb3 Qd7 13. Nd2 Nd4 14. Qe3 Nxc2 15.
Qe2 Nxa1 16. Rxa1 c6 17. Qe3 Ng4 18. Qb6 Bxh4 19. Nf3 Bxf2+ 20. Kf1 Bxb6 21.
Rd1 Ba7 22. d4 exd4 23. Nxd4 Ne3+ 24. Ke2 Nxd1 25. Kxd1 Bxd4 26. Ne2 Qa7 27.
Ke1 Bxb2 28. Kf1 Rae8 0-1

[Event "Kadetska liga - fantje"]
[Site "Nova Gorica"]
[Date "2019.05.25"]
[Round "3"]
[White "Vaupot, Luka"]
[Black "Gabrscek, Nejc"]
[Result "1-0"]
[WhiteElo "1857"]
[BlackElo "1138"]
[PlyCount "73"]
[EventDate "2019.05.25"]

1. d4 d5 2. Nf3 Nc6 3. c4 dxc4 4. e3 Bf5 5. Bxc4 e6 6. O-O Nf6 7. Nc3 Bb4 8.
Qe2 O-O 9. Rd1 Bg4 10. h3 Bh5 11. a3 Bxc3 12. bxc3 Qe7 13. e4 e5 14. d5 Na5 15.
Ba2 Rad8 16. c4 c6 17. Bd2 Qc5 18. Bb4 Bxf3 19. gxf3 Qb6 20. c5 Qc7 21. d6 Qd7
22. Bxa5 b6 23. cxb6 axb6 24. Bxb6 Ra8 25. f4 Rxa3 26. Bxf7+ Rxf7 27. Rxa3 exf4
28. e5 Nd5 29. e6 Qxd6 30. exf7+ Kxf7 31. Ra7+ Kg6 32. Qg4+ Kf6 33. Bd4+ Qe5
34. Qxg7+ Kf5 35. Qxe5+ Kg6 36. Rg7+ Kh6 37. Qg5# 1-0

[Event "Kadetska liga - fantje"]
[Site "Nova Gorica"]
[Date "2019.05.25"]
[Round "3"]
[White "Berlot, Tian"]
[Black "Vaupot, Eliza"]
[Result "0-1"]
[WhiteElo "1560"]
[BlackElo "1260"]
[PlyCount "74"]
[EventDate "2019.05.25"]

1. e4 e5 2. Nf3 Nc6 3. Bb5 Nge7 4. Nc3 g6 5. d3 Bg7 6. Bxc6 Nxc6 7. Bg5 f6 8.
Be3 d6 9. Qe2 Be6 10. Nd5 Ne7 11. Nxe7 Qxe7 12. Qd2 a6 13. Qb4 O-O-O 14. Qc3 d5
15. Bc5 Qd7 16. Bb6 d4 17. Qc5 Bf8 18. Qa5 cxb6 19. Qxb6 Re8 20. c3 dxc3 21.
bxc3 Qxd3 22. Rd1 Qxe4+ 23. Qe3 Qxe3+ 24. fxe3 Bxa2 25. O-O Bc5 26. Rde1 f5 27.
Rf2 f4 28. Rxa2 fxe3 29. Ra5 Bb6 30. Ra4 Rhf8 31. Rc4+ Kb8 32. Rb4 Ba7 33. Reb1
e2+ 34. Rd4 exd4 35. cxd4 Bxd4+ 36. Nxd4 e1=Q+ 37. Rxe1 Rxe1# 0-1

[Event "Kadetska liga - fantje"]
[Site "Nova Gorica"]
[Date "2019.05.25"]
[Round "3"]
[White "Vaupot, Kajetan"]
[Black "Morencic, Mathias"]
[Result "1-0"]
[WhiteElo "1544"]
[BlackElo "1531"]
[PlyCount "69"]
[EventDate "2019.05.25"]

1. e4 e5 2. Nf3 Nc6 3. d4 exd4 4. Bc4 Nh6 5. O-O Bc5 6. Nbd2 O-O 7. Nb3 Bb6 8.
Nfxd4 Qh4 9. Re1 Na5 10. Nxa5 Bxa5 11. Re2 Ng4 12. h3 Ne5 13. Bd3 Nxd3 14. cxd3
c5 15. Nf5 Qh5 16. Ne7+ Kh8 17. Re1 Qxd1 18. Rxd1 Bb4 19. Nxc8 Raxc8 20. Bd2
Bxd2 21. Rxd2 g6 22. Rc1 b6 23. Rc3 d6 24. Ra3 a5 25. Rb3 Rc6 26. Re2 f5 27.
exf5 gxf5 28. Re7 b5 29. Rxb5 Rf6 30. Rxa5 Kg8 31. Ra8+ Rf8 32. Raa7 Rb6 33.
Rg7+ Kh8 34. Rxh7+ Kg8 35. Rag7# 1-0

[Event "Kadetska liga - fantje"]
[Site "Nova Gorica"]
[Date "2019.05.25"]
[Round "3"]
[White "Macek, Inti"]
[Black "Hazdovac, Jaka"]
[Result "*"]
[WhiteElo "1083"]
[BlackElo "1633"]
[PlyCount "73"]
[EventDate "2019.05.25"]

1. d4 g6 2. c4 Bg7 3. Nc3 b6 4. Nf3 Bb7 5. Bf4 d6 6. e4 Nd7 7. Bd3 Ngf6 8. O-O
O-O 9. Re1 Re8 10. e5 dxe5 11. Nxe5 Nxe5 12. Bxe5 Qd7 13. Nb5 Qc6 14. d5 Qd7
15. Nxc7 Qg4 16. Nxa8 e6 17. Qxg4 Nxg4 18. Bxg7 Kxg7 19. Nc7 Re7 20. Nb5 a6 21.
Nc3 Nf6 22. Re2 Bc8 23. Rae1 Kf8 24. f4 Ng8 25. g4 a5 26. f5 exf5 27. gxf5 gxf5
28. d6 Re6 29. Na4 Bd7 30. Nxb6 Bc6 31. d7 Ke7 32. Bxf5 Rxe2 33. Rxe2+ Kd8 34.
Re8+ Kc7 35. d8=Q+ Kb7 36. Qb8+ Ka6 37. Bc8+ *

[Event "Kadetska liga - fantje"]
[Site "Nova Gorica"]
[Date "2019.05.25"]
[Round "3"]
[White "Ferfole, Ziga"]
[Black "Perme, Stanko"]
[Result "0-1"]
[WhiteElo "1717"]
[BlackElo "1582"]
[PlyCount "128"]
[EventDate "2019.05.25"]

1. e4 e5 2. Nf3 Nc6 3. Bc4 Bc5 4. Nc3 Nf6 5. d3 h6 6. Be3 Bb6 7. O-O d6 8. h3
Be6 9. Nd5 O-O 10. Qd2 Kh7 11. Nxb6 axb6 12. Bb3 Qd7 13. d4 Bxh3 14. dxe5 Bxg2
15. Kxg2 Qg4+ 16. Kh2 Nh5 17. Qe2 Nxe5 18. Ng1 Qxe4 19. Qxh5 Ng4+ 20. Kg3 Nf6
21. Qf3 Qe5+ 22. Bf4 Nh5+ 23. Kg4 Nf6+ 24. Kg3 Qf5 25. Qd3 Nh5+ 26. Kh4 Qxd3
27. cxd3 Nxf4 28. Bc2 g5+ 29. Kg4 f5+ 30. Kf3 Rae8 31. d4 Kg6 32. Rae1 h5 33.
Ne2 Nd5 34. Kg3 h4+ 35. Kh3 Rxe2 36. Rxe2 Nf4+ 37. Kh2 Nxe2 38. f3 Nxd4 39. Bb1
g4 40. fxg4 Kg5 41. gxf5 c5 42. Rg1+ Kh5 43. Rg7 Nxf5 44. Rh7+ Kg4 45. Rxb7 Re8
46. Bd3 Re3 47. Bf1 c4 48. Rxb6 c3 49. Rb4+ Kf3 50. Bg2+ Kf2 51. Bh3 c2 52.
Rf4+ Ke1 53. Rc4 Re2+ 54. Kg1 Ne3 55. Rc3 d5 56. Bd7 Rg2+ 57. Kh1 d4 58. Rc5 d3
59. Rc3 Kf2 60. Bb5 Nf1 61. Rxc2+ dxc2 62. Bxf1 Kxf1 63. a4 Kf2 64. a5 c1=Q#
0-1

[Event "Kadetska liga - fantje"]
[Site "Nova Gorica"]
[Date "2019.05.25"]
[Round "3"]
[White "Babarovic, Fran"]
[Black "Anzelj, Tim"]
[Result "*"]
[WhiteElo "1572"]
[BlackElo "1539"]
[PlyCount "106"]
[EventDate "2019.05.25"]

1. e4 e6 2. d4 d6 3. Nf3 Nd7 4. Nc3 Ne7 5. Bc4 g6 6. Be3 Bg7 7. Qd3 O-O 8.
O-O-O c6 9. Bb3 e5 10. dxe5 dxe5 11. h4 Qe8 12. h5 Nf6 13. hxg6 Nxg6 14. Bh6
Bxh6+ 15. Rxh6 Kg7 16. Rhh1 Ng4 17. Qd2 Be6 18. Bxe6 Qxe6 19. Ng5 Qf6 20. f3
Rad8 21. Rxh7+ Kg8 22. Nd5 cxd5 23. fxg4 dxe4 24. Qe3 Qf4 25. Qxf4 exf4 26.
Rxd8 Rxd8 27. Rxf7 f3 28. gxf3 exf3 29. Rxf3 Rd5 30. Ne4 Rd4 31. Nf6+ Kg7 32.
Ne8+ Kh6 33. Rf5 Rxg4 34. Rf7 Ne5 35. Rxb7 Nc6 36. Rd7 Re4 37. Rd6+ Kg5 38. Nf6
Rf4 39. Nh7+ Kf5 40. Rxc6 Rf1+ 41. Kd2 Rh1 42. Rc5+ Ke6 43. Ng5+ Kd6 44. Ne4+
Ke6 45. Rc7 Ke5 46. Re7+ Kd4 47. c3+ Kd5 48. Nf6+ Kd6 49. Rxa7 Ke6 50. Ra6+ Ke5
51. Ng4+ Kf4 52. Nf2 Rh2 53. Rf6+ Ke5 *

[Event "Kadetska liga - fantje"]
[Site "Nova Gorica"]
[Date "2019.05.25"]
[Round "3"]
[White "Robic, Ziga"]
[Black "Smareglia, Emanuel"]
[Result "1-0"]
[WhiteElo "1762"]
[BlackElo "1434"]
[PlyCount "77"]
[EventDate "2019.05.25"]

1. e4 e5 2. Nf3 Nc6 3. Bc4 Nf6 4. Nc3 Bc5 5. d3 Ng4 6. O-O Bxf2+ 7. Rxf2 Nxf2
8. Kxf2 Nd4 9. Nxd4 exd4 10. Qf3 Qf6 11. Qxf6 gxf6 12. Ne2 c6 13. Nxd4 c5 14.
Nb5 Kf8 15. Bf4 a6 16. Nc7 Ra7 17. Nd5 b5 18. Bb3 Kg7 19. Rg1 a5 20. a3 a4 21.
Ba2 d6 22. Bxd6 Be6 23. Bxc5 Rc8 24. Bxa7 Rxc2+ 25. Kg3 Rxb2 26. Ra1 h5 27. Bd4
Rd2 28. Bxf6+ Kg6 29. Bc3 Rxd3+ 30. Kf2 Bxd5 31. exd5 Rxc3 32. d6 Rxa3 33. d7
Rd3 34. Bb1 f5 35. Bxd3 Kg5 36. d8=Q+ Kg4 37. h3+ Kf4 38. g3+ Ke5 39. Re1# 1-0

[Event "Kadetska liga - fantje"]
[Site "Nova Gorica"]
[Date "2019.05.25"]
[Round "3"]
[White "Tesic, Boris"]
[Black "Skantar, Nejc"]
[Result "0-1"]
[WhiteElo "1394"]
[BlackElo "1480"]
[PlyCount "21"]
[EventDate "2019.05.25"]

1. e4 e5 2. Nf3 Nc6 3. Bc4 Bc5 4. d3 h6 5. O-O d6 6. Nc3 Nf6 7. Qe1 O-O 8. Be3
Nd4 9. Nd5 Nxc2 10. Qe2 Nxa1 11. Rxa1 {necitljivo} 0-1